Íránská zahraniční politika a prezident Chátamí

Transformácia iránskej zahraničnej politiky po smrti Ájatolláha Chomejního. Geopolitický význam Iránu v postbipolárnom svete. Americká politika voči Iránu. Zahraničná politika prezidenta Chátamího. Regionálne aspekty iránskej zahraničnej politiky. Americká politika pod paľbou domácej a európskej kri...

Ausführliche Beschreibung

Gespeichert in:
Bibliographische Detailangaben
1. Verfasser: Gombár, Eduard
Format: Buchkapitel
Sprache:Tschechisch
Schlagworte:
Tags: Tag hinzufügen
Keine Tags, Fügen Sie das erste Tag hinzu!

MARC

LEADER 00000naa a2200000 4500
001 r040095
005 20230927120813.5
041 0 |a cze 
044 |a CZ 
245 1 0 |a Íránská zahraniční politika a prezident Chátamí  |c Eduard Gombár 
520 |a Transformácia iránskej zahraničnej politiky po smrti Ájatolláha Chomejního. Geopolitický význam Iránu v postbipolárnom svete. Americká politika voči Iránu. Zahraničná politika prezidenta Chátamího. Regionálne aspekty iránskej zahraničnej politiky. Americká politika pod paľbou domácej a európskej kritiky. 
610 2 0 |a politika zahraničnohospodárska 
610 2 0 |a Irán 
610 2 0 |a USA 
610 2 0 |a reformy hospodárske 
610 2 0 |a vzťahy politické medzinárodné 
610 2 0 |a politika 
610 2 0 |a stratégia hospodárska 
100 1 |a Gombár, Eduard